000
00211 a2200097 4500
001
622
100
_a
Glasford,GM
245
_a
Linear Analysis of Electronic circuits
260
_a
_b
Wiley
_c
090
_c
223
_d
223
942
_a
NUST-CAE
_c
M
_c
13669
999
_c
235695
_d
235695